| 000 | 00991nam0a22002531 4500 | ||
|---|---|---|---|
| 001 | rc\572308 | ||
| 005 | 20250621170625.0 | ||
| 035 | _a(NLR Aleph) 005820772 | ||
| 090 |
_a5477172 _c5477172 |
||
| 100 | _a20031121d1988 |||y0rusy50 ca | ||
| 101 | 0 | _arus | |
| 102 | _aRU | ||
| 105 | _aa ||||||||| | ||
| 200 | 1 |
_aПамятники архитектуры и градостроительства _e[Учеб. пособие для архит. и строит. спец. вузов] |
|
| 210 |
_aМ. _cВысш. школа _d1988 |
||
| 215 |
_a60, [3] с., [16] л. ил. _d22 |
||
| 225 | 1 |
_aРеконструкция и модернизация зданий и комплексов _fПод общ. ред. Н.Н. Миловидова и др. |
|
| 320 | _aБиблиогр.: с. 62 (17 назв.) | ||
| 700 | 1 |
_aРанинский _bЮ.В. _gЮлий Владимирович |
|
| 801 | 0 |
_aRU _bNLR _gpsbo |
|
| 801 | 1 |
_aRU _bELAR _2rusmarc |
|
| 852 |
_aNLR _j88-5/2574 |
||
| 942 | _cBOOK | ||
| 980 | _aNB | ||